ბათუმის შოთა რუსთაველის სახელმწიფო უნივერსიტეტის ბიბლიოთეკა

ახალშობილ ვირთაგვებში დექსამეტაზონის სუბქრონიკული შეყვანით გამოწვეული ცვლილებების მექანიზმი" : დისერტაცია / (ბიბ.ჩანაწერი № 51794)

000 -ლიდერი
ფიქსირებული სიგრძის საკონტროლო ველი 01843nam a2200253Ia 4500
001 - საკონტროლო ნომერი
საკონტროლო ველი 18786
003 - საკონტროლო ნომრის იდენტიფიკატორი
საკონტროლო ველი GE_BSU
005 - ბოლო ოპერაციის თარიღი და დრო
საკონტროლო ველი 20220920103910.0
008 - ფიქსირებული სიგრძის მონაცემთა ელემენტები - ზოგადი ინფორმაცია
ფიქსირებული სიგრძის საკონტროლო ველი 181216s2012||||ge |||||||||||||| ||geo||
040 ## - კატალოგიზაციის წყარო
Transcribing agency GE_BSU
041 ## - ენის კოდი
Language code of text/sound track or separate title geo
080 ## - უნივერსალური ათობითი კლასიფიკაციის ინდექსი
Universal Decimal Classification number 61 ს-52
100 ## - მთავარი ჩანაწერი - პიროვნების სახელი
Personal name სინაურიძე, ოლიფანტე
9 (RLIN) 11696
245 ## - ცნობა სათაურის შესახებ
Title ახალშობილ ვირთაგვებში დექსამეტაზონის სუბქრონიკული შეყვანით გამოწვეული ცვლილებების მექანიზმი" : დისერტაცია /
Statement of responsibility, etc ოლიფანტე სინაურიძე; სამეცნიერო ხელმძღვანელი გურამ ბექაია, ბესარიონ ტყეშელაშვილი; თბილისის სახელმწიფო სამედიცინო უნივერსიტეტი.
264 ## - წარმოების, გამოცემის, დისტრიბუციის და სხვა ცნობები
გამოცემის, წარმოების, დისტრიბუციის... ადგილი თბილისი,
გამოცემის, წარმოების, დისტრიბუციის... თარიღი 2012.
300 ## - ფიზიკური აღწერა
Extent 162 გვ.;
Other physical details 30 სმ.
653 ## - INDEX TERM--UNCONTROLLED
Uncontrolled term გესტაციის გავლენა ეპილეფსიის ზოგიერთი ფორმის განვითარებასა და მიმდინარეობაზე
653 ## - INDEX TERM--UNCONTROLLED
Uncontrolled term დისერტაცია
653 ## - INDEX TERM--UNCONTROLLED
Uncontrolled term მედიცინა
700 ## - ADDED ENTRY--PERSONAL NAME
Personal name ბექაია, გურამ
Relator term სამეცნიერო ხელმძღვანელი
9 (RLIN) 1690
700 ## - ADDED ENTRY--PERSONAL NAME
Personal name ტყეშელაშვილი, ბესარიონ
Relator term სამეცნიერო ხელმძღვანელი
9 (RLIN) 11272
710 ## - ADDED ENTRY--CORPORATE NAME
Corporate name or jurisdiction name as entry element თბილისის სახელმწიფო სამედიცინო უნივერსიტეტი
9 (RLIN) 11697
942 ## - ADDED ENTRY ELEMENTS (KOHA)
Koha item type წიგნი
Source of classification or shelving scheme
ეგზემპლარები
ჩამოწერის სტატუსი დაკარგული ეგზემპლარის სტატუსი კლასიფიკაციის წყარო ან თაროზე გაწყობის სქემა დაზიანების სტატუსი არ გაიცემა მუდმივი მდებარეობა (დაცვის ადგილი) ამჟამინდელი ადგილსამყოფელი შეძენის თარიღი სრული შენახვის შიფრი შტრიხკოდი ბოლო ოპერაციის თარიღი ეგზემპლარის მიმდევრობითი ნომერი (კეტერი?) ფასის ძალაში შესვლის თარიღი ეგზემპლარის სახეობა
        შიდა ფონდი ბათუმის შოთა რუსთაველის სახელმწიფო უნივერსიტეტის მთავარი ბიბლიოთეკა ბათუმის შოთა რუსთაველის სახელმწიფო უნივერსიტეტის მთავარი ბიბლიოთეკა 2018-12-17 61 ს-52 96 დისერტ. 2018-12-17 96 2018-12-17 დისერტაცია